000 01509cad a22002295a 4500
001 L145007
008 080901e2008 xxk f f000 0 eng d
035 _a(Sirsi) u145007
041 0 _aeng
050 0 4 _a333.33 $2 18
110 2 _aUnited Kingdom
_bHouse of Commons
_bBusiness and Enterprise Committee
_95607
245 0 0 _aConstruction matters
_bninth report of session 2007-08, volume I
_h[electronic resource]
260 _aLondon
_bSO
_c2008
505 2 _aThe role of the client -- Increasing capacity -- Improving economic sustainability -- Fostering social sustainability -- Achieving environmental sustainability -- Raising standards -- Applying the lessons: the 2012 Olympics
520 _aReport covers the importance of the construction industry to the UK economy and demonstrates the strong link between construction projects and public service. Discusses the way in which the current economic downturn has affected the market and states that the government can aid recovery through the application of a rigorous regulatory framework. Also looks at the need to drive forward sustainable construction in the UK and advocates better strategic leadership through joined up working between industry and government.
521 _aAdvanced
590 _aKA
651 4 _aUnited Kingdom
_y
690 _aBUILT ENVIRONMENT-CONSTRUCTION MARKET
856 4 0 _uhttps://www.publications.parliament.uk/pa/cm/cmberr.htm
_zView the item free of charge online at www.publications.parliament.uk
942 _n0
999 _c108667
_d108667